Statistiken für Napoleon Bonaparte-Quiz

Klicken Sie hier um das Quiz zu spielen!

Allgemein

  • Dieses Quiz wurde 72 mal gespielt
  • Das Durchschnittsergebnis liegt bei 8 aus 16

Antwortstatistiken

HintAntwort% Korrekt
Insel, auf der er 1769 geboren wurdeKorsika
89%
Letzte Schlacht, die er verlor (1815)Waterloo
89%
Insel, auf die er 1815 verbannt wurde und wo er 1821 starbSt. Helena
87%
Insel, auf die sich Napoleon 1814 zurückziehen mussteElba
71%
Stadt, welche er 1812 eroberte, welche aber in Brand gesetzt wurdeMoskau
65%
Von ihm eingeführtes, modernes Gesetzbuch, welches u.a. Grundlage für das Bürgerliche Gesetzbuch warCode Civil
55%
Von Napoleon initiierte Konföderation deutscher Staaten, die damit gleichzeitig aus dem Heiligen Römischen Reich austratenRheinbund
53%
Ehefrau zwischen 1796 und 1809Joséphine de Beauharnais
51%
Neffe, der 1848-1852 Präsident und dann bis 1871 Kaiser Frankreichs warLouis-Napoléon Bonaparte bzw. Napoleon III.
49%
Schlacht vom 2. Dezember 1805, bei der er eine österreich-russische Koalition besiegteAusterlitz (Dreikaiserschlacht)
45%
Großes Territorium, welches die Vereinigten Staaten von Frankreich erwarben und welches heute das Kernland der USA bildetLouisiana-Territorium
45%
Befehlshaber der englischen Truppen bei oben genannter SchlachtArthur Wellesley, 1. Duke of Wellington
38%
Titel, den er von 1799 bis 1804 trugKonsul
36%
Im Zuge des Napoleonischen Feldzugs in Ägypten gefundenes Stelenfragment, welches die Grundlage für die Entzifferung der Hieroglyphen warStein von Rosetta
29%
Hut mit zwei Spitzen, den er häufig trug (scharf nachdenken)Zweispitz
18%
Als "Wendehals" bekannter Außenminister vor und während eines Teils der Napoleanischen HerrschaftCharles-Maurice de Talleyrand-Périgord
11%

Verteilung der Resultate

Perzentil nach korrekt beantworteten Fragen

Anzahl Personen mit jedem Resultat

Ihre Resultats-Entwicklung

Sie haben dieses Quiz noch nicht gespielt